The thatched patio: (Record no. 2520)

MARC details
000 -LEADER
fixed length control field 003900000a22001210004500
008 - FIXED-LENGTH DATA ELEMENTS--GENERAL INFORMATION
fixed length control field 230817t1991 ||||| |||| 00| 0 eng d
942 ## - ADDED ENTRY ELEMENTS (KOHA)
Item Type Periodicals
245 ## - TITLE STATEMENT
Title The thatched patio:
Remainder of Title Vol4, No.4
246 ## - VARYING FORM OF TITLE
Title Psychological aspects of women's relationship to religion
260 ## - PUBLICATION, DISTRIBUTION, ETC. (IMPRINT)
Place of Publication Colombo:
Name of Publisher International Centre for Ethnic Studies,
Date of Copyright 1991
650 ## - SUBJECT ADDED ENTRY--TOPICAL TERM
Topical Term WOMEN-Social role
650 ## - SUBJECT ADDED ENTRY--TOPICAL TERM
Topical Term Women and religion
Holdings
Withdrawn status Lost status Damaged status Not for loan Permanent location Current location Date acquired Total Checkouts Full call number Barcode Date last seen Price effective from Koha item type
        Resource center, Muslim Women's Research And Action Forum Resource center, Muslim Women's Research And Action Forum 2023-08-17   305.48 SAD RAF3700 2023-08-17 2023-08-17 Books

Copyright © 2023 Muslim Women's Research and Action Forum (MWRAF), No 27/3, Anderson Road, Kalubowila, Dehiwela. Funded by The Asia Fundation